000 00876nam a22002417a 4500
010 _a988697
020 _c18.00
035 _a988697
037 _aCen Lib / Ret
040 _aDPL
_bPN
082 _a260
_bਜੋਗਿੰਦ
100 _aਜੋਗਿੰਦਰ ਸਿੰਘ
_9135515
245 _aਖਾਲਸੇ ਦਾ ਦਰਸ਼ਨ /
_bਜੋਗਿੰਦਰ ਸਿੰਘ
246 _aKhalse da darshan /
_bby Joginder Singh
260 _aਨਵੀਂ ਦਿੱਲੀ
_bਪ੍ਰੀਤ ਪ੍ਰਕਾਸ਼ਨ
_c1980
270 _aਬੀ-2/52 ਜਨਕਪੁਰੀ
_bਨਵੀਂ ਦਿੱਲੀ
300 _a168p ;
_b24cm(Hb)
650 _aਸਿੱਖ ਬਾਣੀ.
_91541
650 _aSikh hymns.
_973509
650 _aਸਿੱਖ ਧਰਮ
_91488
650 _aSikh religion
_979271
942 _2ddc
_cPN
_h260
_mਜੋਗਿੰਦ
999 _c111164
_d111164